000 00668nam a2200217 u 4500
005 20240924063836.0
008 181019s2002 es r 000 0 spa d
020 _a8426132995
035 _aUPN01000227398
049 _aI
050 4 _aBJ1635
_bG4.5
100 1 _aGeisler, Dagmar,
_d1958-
_942941
245 1 0 _aMax tiene un triciclo /
_cDagmar Geisler ; tr. Christiane Reyes.
260 _aBarcelona, Esp. :
_bJuventud,
_c2002.
300 _a[10] p. :
_bprincipalmente il. col.
650 4 _aConducta infantil
_95683
650 4 _aAptitud creadora en niños
_9462
650 7 _aLibros ilustrados para niños
_2
_921365
905 _aInfantil
999 _c199493
_d199493